02840nam a2200373 a 450000100090000000800410000901000150005002000190006505000150008410000220009924501130012125000160023426000480025026000390029830000340033735000110037150000510038265000160043370000250044970000200047499501760049499501760067099501820084699501760102899501760120499501760138099900170155695201490157395201490172295201450187195201490201695201490216595201520231418410596170404s2015 ||||||||||||||||| || u a2014497669 a9781455754106  aRK 351 Tor aWalton, Richard E10aEndodontics: principles and practice. (5th edition)cMahmoud Torabinejad, Richard E. Walton, Ashraf F. Fouad a5th edition aSt. Louis MissouribElsevier Saundersc2015 aSt. Louis MissouribElsevierc2015 axii, 482 pages: illustrations a143.00 aIncludes bibliographical references and index. 0aENDODONTICS aTorabinejad, Mahmoud aFouad, Ashraf F aMEDICAL LIBRARY OPEN ACCESSD143.00e903860FCBU-SCHOOL OF MEDICINE LIBRARY (Ndola)jRK 351 TorM1UAVAILABLEWMar 28, 2017y903860ZMedical Library Open Access Collection aMEDICAL LIBRARY OPEN ACCESSe904988FCBU-SCHOOL OF MEDICINE LIBRARY (Ndola)I143.00jRK 351 TorM4UAVAILABLEWNov 12, 2020y904988ZMedical Library Open Access Collection aMICHAEL CHILUFYA SATA OPEN ACCESSe904989FCBU-SCHOOL OF MEDICINE LIBRARY (Ndola)I143.00jRK 351 TorM6UAVAILABLEWNov 12, 2020y904989ZMedical Library Open Access Collection aMEDICAL LIBRARY OPEN ACCESSe904985FCBU-SCHOOL OF MEDICINE LIBRARY (Ndola)I143.00jRK 351 TorM5UAVAILABLEWNov 12, 2020y904985ZMedical Library Open Access Collection aMEDICAL LIBRARY OPEN ACCESSe904986FCBU-SCHOOL OF MEDICINE LIBRARY (Ndola)I143.00jRK 351 TorM2UAVAILABLEWNov 12, 2020y904986ZMedical Library Open Access Collection aMEDICAL LIBRARY OPEN ACCESSe904987FCBU-SCHOOL OF MEDICINE LIBRARY (Ndola)I143.00jRK 351 TorM3UAVAILABLEWNov 12, 2020y904987ZMedical Library Open Access Collection c63814d63814 00102lcc4070a002b002cMedical Library Open Access Collectiond2023-02-01l1oRK 351 Torp903860r2024-06-03s2024-05-10t1w2023-02-01y002 00102lcc4070a002b002cMedical Library Open Access Collectiond2023-02-01l2oRK 351 Torp904988r2026-03-30s2025-06-09t2w2023-02-01y002 00102lcc4070a008b002cMCS Library Open Access Collectiond2023-02-01l3oRK 351 Torp904989r2025-07-02s2025-07-02t3w2023-02-01y002 00102lcc4070a002b002cMedical Library Open Access Collectiond2023-02-01l1oRK 351 Torp904985r2024-05-06s2024-04-23t4w2023-02-01y002 00102lcc4070a002b002cMedical Library Open Access Collectiond2023-02-01l2oRK 351 Torp904986r2024-09-24s2024-09-18t5w2023-02-01y002 00102lcc4070a002b002cMedical Library Open Access Collectiond2023-02-01l1m1oRK 351 Torp904987r2025-04-22s2025-03-31t6w2023-02-01y002